Aportaciones pedagógicas de las escuelas pías

Saved in:
Bibliografiske detaljer
Hovedforfatter: Caballero, P. Valentín (Author)
Format: Bog
Sprog:spansk
Udgivet: Madrid Versal 1950
Serier:Instituto San José de Calasanz de Pedagogía. Serie A, 16
Fag:
Tags: Tilføj Tag
Ingen Tags, Vær først til at tagge denne postø!

MARC

LEADER 00000nam a2200000 a 4500
001 UCZ7070
003 CL-VaPUC
008 951222e19500000SP |||||||||||||||||spa|d
082 0 4 |a 370.114  |b CAB  |2 21 
100 0 |a Caballero, P. Valentín  |e author  |9 351787 
245 1 0 |a Aportaciones pedagógicas de las escuelas pías 
300 |a 299 p 
942 |c BK 
945 |d 19951222 00:00:00  |a cmena 
260 |a Madrid  |b Versal  |c 1950 
650 0 |a Educación religiosa   |9 308312 
650 0 |a Educación moral  |9 308319 
650 0 |a Religión   |9 255164 
650 0 |a Currículo  |9 307290 
650 0 |a Historia  |9 255047 
650 0 |a Métodos de enseñanza  |9 270413 
650 0 |a Planificación de la educación   |9 307333 
583 |a last modification  |c 19951222 00:00:00  |k Rodrigo Vera 
490 0 |a Instituto San José de Calasanz de Pedagogía. Serie A, 16 
999 |c 243194  |d 243192 
952 |0 0  |1 0  |4 0  |6 370_114000000000000_CAB_1950  |7 0  |8 P  |9 256678  |a BIBEDU  |b BIBEDU  |c BIBEDU_PB  |d 2019-11-19  |i 1608584  |o 370.114 CAB 1950  |p 1608584  |r 2024-01-25  |w 2019-11-19  |y BK  |k EDU